01328cam a22003974i 4500003000900000005001700009008004100026020001500067020001800082035002000100040003300120082001600153100003200169245003600201264005400237300005200291336002100343337002500364338002300389504003500412504003000447505032900477526000900806526000900815526000900824526000900833526000900842526000900851526000800860526000800868526000800876526000800884526000800892526000800900650002200908PE-LiUPU20250731184510.0160811s r 000 0 spa d a8416381755 a9788416381753 a(Sirsi) a162915 aPE-LiUPUbspacPE-LiUPUerda04a910bCB2201 aBartolazzi Alberto,eautor.13aLa tierra/cAlberto Bartolazzi. aBarcelona EspañabValeria manferto de fabianis. a503 páginas :bilustaciones :c16 centimetros atext2rdacontent aunmediated2rdamedia avolume2rdacarrier aBibliografía : página 498. aÍndices : página 498.0 aLos pilares del cielo -- Elgran azul -- El planeta silencioso -- Las raíces del mundo -- El sentido del agua -- Los espejos del cielo -- Los dioses del fuego -- El reino del hielo -- Un mundo de piedra -- La franja central -- Confines invisibles -- Suaves perfiles -- Entre el agua y la tierra -- El planeta del arco iris. aP136 aP135 aP134 aP133 aP144 aP143 aP87 aP35 aP20 aP14 aP10 aP0604aTierra (Planeta).